000
00213 a2200097 4500
001
58222
100
_a
245
_a
Power electronics
260
_a
New Delhi
_b
Tata McGraw-Hill
_c
090
_c
35722
_d
35722
942
_a
NUST-CAE
_c
MONOGRAPH
_c
28583
999
_c
293295
_d
293295